000
00328nam a2200133Ia 4500
008
151001s9999||||xx |||||||||||||| ||und||
100
_a
वा शि आपटे
245
_a
विक्रिकला
250
_a
1
260
_b
उद्यम प्रकाशन
260
_c
1969
300
_a
69
365
_b
7
999
_c
952165
_d
952162